01308nam a2200301Ia 450000500170000000800410001702000190005808200160007710000280009324500980012125000390021930000270025849000470028550502550033253400310058765000220061865000300064065000300067065000350070070000720073594200120080726400490081933600270086833700330089533800280092804000350095699900150099120220317000948.0160825s2008 ck g 000 0 spa  a9789681665101204a321.8bB61f1 aBobbio, Norbertod1909-13aEl futuro de la democraciacNorberto Bobbio ; traducido por José F. Fernández Santillán a3a. edición b5a. reimpresión  a214 páginas c21 cm  aSección de obras de política y derecho aEl futuro de la democracia -- Democracia representativa y democracia directa -- Los vínculos de la democracia -- La democracia y el poder invisible -- Liberalismo viejo y nuevo -- Contracto y contractualismo en el debate actual -- {BF}Gobierno de l tIl futuro della democrazia142LEMBaDemocracia 142LEMBaFormas de gobierno 142LEMBaCultura política 142LEMBaGobierno representativo 1 aFernández Santillán, José Florenciod1953-etraductor 963691 2ddccBK aBogotábFondo de Cultura Económicac2008 atextobtxt2rdacontent asin mediaciónbn2rdamedia avolumenbnc2rdacarrier aCO-BoRNBPbspaerdacCO-BoRNBP c5534d5534